What determines the price elasticity of house supply? (Record no. 82006)

MARC details
000 -LEADER
fixed length control field 01057cab a22002055a 4500
001 - CONTROL NUMBER
control field L148923
008 - FIXED-LENGTH DATA ELEMENTS--GENERAL INFORMATION
fixed length control field 091130s2009 xxk f 000 0 eng d
035 ## - SYSTEM CONTROL NUMBER
System control number (Sirsi) u148923
041 0# - LANGUAGE CODE
Language code of text/sound track or separate title eng
100 1# - MAIN ENTRY--PERSONAL NAME
Personal name Levin, Eric J.
245 00 - TITLE STATEMENT
Title What determines the price elasticity of house supply?
Remainder of title real interest rate effects and cyclical asymmetries
260 ## - PUBLICATION, DISTRIBUTION, ETC.
Date of publication, distribution, etc. 2009
490 ## - SERIES STATEMENT
Series statement Housing Studies
Volume/sequential designation 24 (6) November 2009, 713-736(24)
520 ## - SUMMARY, ETC.
Summary, etc. Paper discusses the price elasticity of supply. Seeks to establish the effect of long-term real interest rates. Explains that, when there is restrictive planning and market imperfections, changes in long real interests rates cause both house price rises and a low elasticity supply. Argues that changes in the financial system and increase of government regulation of the planning process aggravated cyclical asymmetries in the supply response.
590 ## - LOCAL NOTE (RLIN)
Local note KA
651 #4 - SUBJECT ADDED ENTRY--GEOGRAPHIC NAME
Geographic name United Kingdom
Chronological subdivision
690 ## - LOCAL SUBJECT ADDED ENTRY--TOPICAL TERM (OCLC, RLIN)
Topical term or geographic name as entry element PROPERTY-RESIDENTIAL PROPERTY-RESIDENTIAL PROPERTY MARKET
700 1# - ADDED ENTRY--PERSONAL NAME
Personal name Pryce, Gwilym
942 ## - ADDED ENTRY ELEMENTS (KOHA)
Suppress in OPAC 0
Holdings
Withdrawn status Lost status Source of classification or shelving scheme Damaged status Not for loan Home library Current library Shelving location Date acquired Total Checkouts Full call number Barcode Date last seen Copy number Price effective from Koha item type
    Dewey Decimal Classification     London London Journal article 30/11/2009   L148923 148923-1001 06/08/2019 1 06/08/2019 Journal article